Coppa dei Campioni - Partecipazioni - Statistics

Statistiche generali
  • Questo quiz è stato fatto 42 volte
  • Il punteggio medio è 45 su 85
Statistiche sulle risposte
Federazione Squadra N° di partecipaz. Ultima partecipaz. % Corretto
Inter 7 1989/90
100%
Juventus 14 1986/87
100%
Milan 11 1990/91
100%
AZ Alkmaar 1 1981/82
97%
Napoli 2 1990/91
97%
Roma 1 1983/84
97%
Olympique Marsiglia 5 1991/92
92%
Paris Saint-Germain 1 1986/87
92%
Barcellona 5 1991/92
89%
Italia Bologna 1 1964/65
89%
Real Madrid 26 1990/91
89%
Sampdoria 1 1991/92
89%
Paesi Bassi Ajax 15 1985/86
87%
Bayern Monaco 13 1990/91
87%
Fiorentina 2 1969/70
87%
Liverpool 12 1984/85
87%
Atletico Madrid 5 1977/78
84%
Manchester United 5 1968/69
84%
Inghilterra Arsenal 2 1991/92
82%
Portogallo Benfica 22 1991/92
82%
Cagliari 1 1970/71
82%
Porto 9 1990/91
82%
Sporting Lisbona 9 1982/83
82%
Borussia Dortmund 3 1963/64
79%
Torino 1 1976/77
79%
Aston Villa 2 1982/83
76%
Manchester City 1 1968/69
76%
Hellas Verona 1 1985/86
74%
Monaco 5 1988/89
71%
Monaco 1860 1 1966/67
71%
PSV 10 1991/92
71%
Valencia 1 1971/72
71%
Dinamo Kiev 11 1991/92
68%
Nizza 2 1959/60
68%
Siviglia 1 1957/58
68%
CSKA Mosca 1 1971/72
66%
Feyenoord 8 1984/85
66%
Nottingham Forest 3 1980/81
63%
Tottenham 1 1961/62
63%
Spagna Athletic Bilbao 3 1984/85
61%
Francia Bordeaux 3 1987/88
61%
Germania Ovest Amburgo 4 1983/84
58%
Nantes 6 1983/84
58%
Spartak Mosca 4 1990/91
58%
Zenit Leningrado 1 1985/86
58%
Borussia Monchengladbach 5 1977/78
55%
Everton 2 1970/71
55%
Sparta Rotterdam 1 1959/60
55%
Chemie Lipsia 1 1964/65
53%
Real Sociedad 2 1982/83
53%
Saint-Étienne 10 1981/82
53%
Vorwärts Berlino 6 1969/70
47%
Werder Brema 2 1988/89
47%
Stade Reims 4 1962/63
45%
Leeds United 2 1974/75
42%
Schalke 04 1 1958/59
42%
Eintracht Francoforte 1 1959/60
39%
Colonia 3 1978/79
34%
Stoccarda 1 1984/85
34%
Torpedo Mosca 2 1977/78
34%
Dinamo Dresda 7 1990/91
26%
Strasburgo 1 1979/80
26%
Wolverhampton 2 1959/60
26%
Kaiserslautern 1 1991/92
24%
Saar Saarbrücken 1 1955/56
21%
Burnley 1 1960/61
18%
Norimberga 2 1968/69
18%
Germania Est BFC Dynamo 10 1988/89
16%
Dinamo Minsk 1 1983/84
16%
Ipswich Town 1 1962/63
16%
Derby County 2 1975/76
13%
Eintracht Braunschweig 1 1967/68
11%
Hansa Rostock 1 1991/92
11%
Dinamo Tbilisi 1 1979/80
8%
Dnipro 2 1989/90
5%
Magdeburgo 3 1975/76
5%
Roda JC 1 1956/57
5%
Unione Sovietica Ararat 1 1974/75
3%
Carl Zeiss Jena 3 1970/71
3%
DOS 1 1958/59
3%
Karl-Marx-Stadt 1 1967/68
3%
Rot-Weiss Essen 1 1955/56
3%
Wismut Karl-Marx-Stadt 3 1960/61
3%
DWS 1 1964/65
0%
Zorja 1 1973/74
0%
Nessun quiz corrispondente trovato
Distribuzione punteggi
Percentuale di utenti per punteggio
Percentile per numero di risposta
I tuoi punteggi nel tempo
Non hai fatto questo quiz